| 000 | 00382nam a2200145 i 4500 | ||
|---|---|---|---|
| 001 | 78925 | ||
| 003 | ES-MaACL | ||
| 007 | t| | ||
| 008 | 041018s1912 gw ||||1| ger d | ||
| 100 | 1 |
_aHeilborn, Paul. _962347 |
|
| 245 | 1 | 0 |
_aGrundbegriffe des Völkerrechts / _cvon Paul Heilborn. |
| 260 |
_aStuttgart : _bW. Kohlhammer, _c1912. |
||
| 300 | _a110 p. | ||
| 852 |
_aES-MaACL _jG-14043 |
||
| 999 |
_c78925 _d78925 |
||